000 01225caa a22001932a 4500
001 019003
003 AR-FADEU
008 311216n########xxu####################dd
092 _a321.88
_bC521
100 _aHilb, Claudia
245 _aReflexiones entreveradas sobre la democracia y el miedo
300 _aPP. 443-451
500 _aEn: Política e instituciones en las nuevas democracias latinoamericanas / comp. Isidoro Cheresky. Buenos Aires : Paidós, 2001
942 _cBDGR
999 _c24733
_d24733
773 0 _024666
_924496
_aCheresky, Isidoro, comp.
_b
_dBuenos Aires
_o7709
_tPolítica e instituciones en las nuevas democracias latinoamericanas
_w( AR-FADEU) 018936
_x
_z950-12-8907-9
773 0 _024666
_924498
_aCheresky, Isidoro, comp.
_b
_dBuenos Aires
_o19259
_tPolítica e instituciones en las nuevas democracias latinoamericanas
_w( AR-FADEU) 018936
_x
_z950-12-8907-9
773 0 _024666
_924499
_aCheresky, Isidoro, comp.
_b
_dBuenos Aires
_o19260
_tPolítica e instituciones en las nuevas democracias latinoamericanas
_w( AR-FADEU) 018936
_x
_z950-12-8907-9
773 0 _024666
_924499
_aCheresky, Isidoro, comp.
_b
_dBuenos Aires
_o19260
_tPolítica e instituciones en las nuevas democracias latinoamericanas
_w( AR-FADEU) 018936
_x
_z950-12-8907-9